00710nam a2200181 i 450000100060000000300090000600700030001500800410001810000410005924501560010026000590025630000320031550000340034750000520038150400340043370000290046785200320049682503ES-MaACLt|041110s1981 sp ||||1| spa d1 aIbn al-Jatib, Muhammad b. Abd Allah.10aLibro de la magia y de la poesía b: antología / cLisán alaDin Ibn Al-Jatib ; edición y traducción [del árabe] por J.M. Continente Ferrer. aMadrid : bInstituto Hispano-Arabe de Cultura, c1981. aL, 208 p. 104 h. ; c24 cm. aTexto en español y árabe. aIndice bibliográfico de poetas: p. [179]-204. aBibliografía: p. [205]-208.1 aContinente Ferrer, J. M. aES-MaACLjL-4202 bR.103898